| 000 | 00855nam a22002057a 4500 | ||
|---|---|---|---|
| 999 |
_c8496 _d8496 |
||
| 003 | AR-CdUCM | ||
| 008 | 190325b ||||| |||| 00| 0 spa d | ||
| 040 |
_aMUNICIPALIDAD PROVINCIAL DEL CUSCO _cBIBLIOTECA MUNICIPAL DEL CUSCO |
||
| 082 |
_a515 / _bS59 |
||
| 100 |
_aSlaby, Steve M _923816 |
||
| 245 | _aGeometría descriptiva tridimensional / | ||
| 260 |
_aMéxico : _bUniversal, _c1969. |
||
| 300 |
_a463 páginas ; _c24 cm. |
||
| 505 | _aContenido : Principios y conceptos básicos de geometría descriptiva en tres dimensiones -- Recetas en un espacio tridimensional cambios de plano -- Superficies planas en un espacio tridimensional -- Relaciones espaciales de rectas y planos en tres dimensiones ... | ||
| 650 |
_aGeometría _918656 |
||
| 650 |
_aDescriptiva _920060 |
||
| 650 |
_aTridimensional _923817 |
||
| 942 |
_2ddc _cLIBROS |
||
| 945 | _arah | ||